Wymień wszystkich rywali Adriana Polaka. - Statystyki

Ogólne statystyki
  • Ten quiz został rozwiązany 25 razy
  • Średni wynik to 7 z 10
Statystyki odpowiedzi
Wygrana/Przegrana Rywal % Poprawnych
Wygrana Dawid Malczyński
91%
Wygrana Dawid Malczyński
91%
Przegrana Dawid Malczyński
91%
Wygrana Amadeusz Roślik
74%
Wygrana Amadeusz Roślik
74%
Wygrana Amadeusz Roślik
74%
Przegrana Maksymilian Wiewiórka
65%
Wygrana Daniel Zwierzynski
52%
Przegrana Kasjusz Życiński
52%
Wygrana Patryk Domke
30%
Nie znaleziono quizów pasujących do podanych kryteriów
Rozkład punktacji
Procent ludzi z każdym wynikiem
Percentyl według liczby udzielonych odpowiedzi
Twoja historia wyników
Nie rozwiązałeś tego quizu